000 00439cam a22001457a 4500
008 180718b1983 xxu||||| |||| 00| 0 eng d
082 _aB124x54 P916
100 _aPremi, M.K.
245 _aIntroduction to social demography
_cby M.K. Premi, A. Ramanamma and Usha Bambawale
260 _aNew Delhi
_bVikas
_c1983
300 _a214p.
650 _aPopulation - Social aspects - India
700 _aBambawale, Usha
700 _aRamanamma, A.
999 _c351766
_d351766